LEADER 01650nam 2200433 a 450 001 9910696329503321 005 20080204095806.0 035 $a(CKB)5470000002377538 035 $a(OCoLC)191800502 035 $a(EXLCZ)995470000002377538 100 $a20080204d2007 ua 0 101 0 $aeng 135 $aurmn||||||||| 181 $ctxt$2rdacontent 182 $cc$2rdamedia 183 $acr$2rdacarrier 200 10$aHomeland Security$b[electronic resource] $efederal efforts are helping to alleviate some challenges encountered by state and local information fusion centers : report to congressional committees 210 1$a[Washington, D.C.] :$cU.S. Govt. Accountability Office,$d[2007] 215 $av, 109 pages $cdigital, PDF file 300 $aTitle from title screen (viewed on Jan. 31, 2008). 300 $a"October 2007." 300 $aPaper version available from: U.S. Govt. Accountability Office, 441 G St., NW, Rm. LM, Washington, D.C. 20548. 300 $a"GAO-08-35." 320 $aIncludes bibliographical references. 517 $aHomeland Security 606 $aTerrorism$zUnited States$xStates$xPrevention 606 $aInformation networks$zUnited States$xStates 606 $aIntergovernmental cooperation$zUnited States 606 $aInteragency coordination$zUnited States 615 0$aTerrorism$xStates$xPrevention. 615 0$aInformation networks$xStates. 615 0$aIntergovernmental cooperation 615 0$aInteragency coordination 801 0$bGPO 801 1$bGPO 906 $aBOOK 912 $a9910696329503321 996 $aHomeland Security$91686681 997 $aUNINA LEADER 01140nam0-22003251i-450 001 990008094410403321 005 20240201133107.0 035 $a000809441 035 $aFED01000809441 035 $a(Aleph)000809441FED01 035 $a000809441 100 $a20050420f19..----km-y0itay50------ba 101 0 $aita 102 $aIT 105 $aaef-----001yy 200 1 $aRoma al tempo di Clemente VIII$epianta di Roma di Antonio Tempesta del 1593 riprodotta da una copia vaticana del 1606$fcon introduzione di Francesco Ehrle 210 $aCittą del Vaticano$cBiblioteca Apostolica Vaticana$d[19..] 215 $a12 p., 12 c. di tav.$cill.$d35 cm 225 1 $a<>piante maggiori di Roma dei sec. 16. e 17., riprodotte in fototipia a cura della Biblioteca Vaticana$v3 610 0 $aRoma$aCartografia 610 0 $aRoma$aPiante$a1593 700 1$aTempesta,$bAntonio$f<1555-1630>$0294662 702 1$aEhrle,$bFranz 801 0$aIT$bUNINA$gRICA$2UNIMARC 901 $aBK 912 $a990008094410403321 952 $aG.F 181$b2943$fDARST 959 $aDARST 996 $aRoma al tempo di Clemente VIII$93871547 997 $aUNINA